000
00324nam a2200121Ia 4500
008
170224s9999 xx 000 0 und d
245
_a
Study Challenges Views on Alcohol Consumption in Native Americans
260
_b
American Journal of Nursing
260
_c
2016
300
_a
116:5
500
_a
May
650
_x
Nursing.
999
_c
317000
_d
317000